Central Library OPAC University of Rajshahi

A general sketch of the European War / (Record no. 26539)

MARC details
000 -LEADER
fixed length control field 00742cam a22002412 4500
001 - CONTROL NUMBER
control field 26539
003 - CONTROL NUMBER IDENTIFIER
rucl marc code BD-RjUL
005 - DATE AND TIME OF LATEST TRANSACTION
control field 20211209051030.0
008 - FIXED-LENGTH DATA ELEMENTS--GENERAL INFORMATION
fixed length control field 140322t1916 enkbe 000 0 eng
035 ## - SYSTEM CONTROL NUMBER
System control number (BD-RjUL)26609
040 ## - CATALOGING SOURCE
Original cataloging agency DLC
Transcribing agency CarP
Modifying agency DLC
-- BD-RjUL
Language of cataloging eng
041 ## - LANGUAGE CODE
Language code of text/sound track or separate title eng
082 04 - DEWEY DECIMAL CLASSIFICATION NUMBER
Classification number 940.42
Author mark and year BEG 1916
100 1# - MAIN ENTRY--PERSONAL NAME
Personal name Belloc, Hilaire,
Dates associated with a name 1870-1953.
9 (RLIN) 54420
245 02 - TITLE STATEMENT
Title A general sketch of the European War /
Statement of responsibility, etc. by HIlaire Belloc
Number of part/section of a work Volume-2
260 ## - PUBLICATION, DISTRIBUTION, ETC. (IMPRINT)
Place of publication, distribution, etc. London ;
-- New York :
Name of publisher, distributor, etc. Nelson,
Date of publication, distribution, etc. 1916.
300 ## - PHYSICAL DESCRIPTION
Pagination V-2 (404 p.) :
Illustrations ill. maps, plans ;
Size 20 cm.
505 0# - FORMATTED CONTENTS NOTE
Formatted contents note [1] The first phase. -- [2] The second phase.
650 #0 - SUBJECT ADDED ENTRY--TOPICAL TERM
Topical term or geographic name as entry element World War, 1914-1918.
9 (RLIN) 81628
942 ## - ADDED ENTRY ELEMENTS (KOHA)
Source of classification or shelving scheme Dewey Decimal Classification
Koha item type Books
Holdings
Lost status Source of classification or shelving scheme Damaged status Not for loan Collection code Permanent Location Current Location Shelving location Date acquired Source of acquisition Total Checkouts Full call number Date last seen Copy number Koha item type
  Dewey Decimal Classification   Added to bundle Non-fiction Central Library, University of Rajshahi Central Library, University of Rajshahi Reading Room 21/03/1974 BNBC   940.42 BEG V-2 1916 22/03/2014 C-1 Books